Análisis de la analiticidad (Record no. 9177)
[ view plain ]
| 000 -CABECERA | |
|---|---|
| campo de control de longitud fija | 00499caa a22001572a 4500 |
| 001 - NÚMERO DE CONTROL | |
| campo de control | 003346 |
| 003 - IDENTIFICADOR DEL NÚMERO DE CONTROL | |
| campo de control | AR-FADEU |
| 008 - DATOS DE LONGITUD FIJA--INFORMACIÓN GENERAL | |
| campo de control de longitud fija | 311216n########xxu####################dd |
| 092 ## - ASIGNACIÓN LOCAL DE SIGNATURA TOPOGRÁFICA DEWEY (OCLC) | |
| Número de clasificación | 149.94 |
| Número de documento/Ítem | A634 |
| 100 ## - ENTRADA PRINCIPAL--NOMBRE DE PERSONA | |
| Nombre de persona | Bunge, Mario |
| 245 ## - MENCIÓN DE TÍTULO | |
| Título | Análisis de la analiticidad |
| 300 ## - DESCRIPCIÓN FÍSICA | |
| Extensión | PP 261-271 |
| 500 ## - NOTA GENERAL | |
| Nota general | En: Antología semántica / ed. Mario Bunge. Buenos Aires : Nueva visión, 1960. |
| 773 0# - ENLACE AL DOCUMENTO FUENTE/ENTRADA DE REGISTRO ANFITRIÓN | |
| Número bibliográfico anfitrión | 9165 |
| Número de ítem anfitrión | 7813 |
| Encabezamiento principal | |
| Edición | |
| Lugar, editor y fecha de publicación | Buenos Aires |
| Otro identificador del documento | 5927 |
| Título | ANTOLOGIA semántica |
| Número de control del registro | ( AR-FADEU) 003334 |
| Número Internacional Normalizado para Publicaciones Seriadas | |
| Número Internacional Estándar del Libro | |
| 942 ## - ELEMENTOS DE PUNTO DE ACCESO ADICIONAL (KOHA) | |
| Tipo de ítem Koha | BDGR |
No items available.